| 000 | 01329nam a2200337 a 4500 | ||
|---|---|---|---|
| 001 | 000111811 | ||
| 003 | CHAP | ||
| 005 | 20220329144230.0 | ||
| 008 | 150921s2015 mx a |sm |||||||spa d | ||
| 010 | _a108272 | ||
| 011 | _a109244 | ||
| 040 | _cCHAP | ||
| 090 | _aTesis | ||
| 100 | 1 |
_aPineda Pérez, Francisco Emmanuel _9129766 |
|
| 245 | 1 | 0 |
_aRendimiento de escamol en trabéculas de Liometopum apiculatum Mayr y su relación con variables del hábitat en el altiplano potosino zacatecano _h[En línea] _cpor Francisco Emmanuel Pineda Pérez. |
| 260 |
_aChapingo, Méx. : _bEl autor, _c2015. |
||
| 500 | _aPara ver el contenido del material haga clic en la liga | ||
| 502 | _aTesis (Ing. en Recursos Naturales Renovables) -- UACH. Departamento de Suelos | ||
| 590 |
_aE11695DGD _b10 _c20150923 _lUCH01 _h1046 |
||
| 590 |
_aE5652GLJ _b05 _c20150921 _lUCH01 _h0914 |
||
| 590 |
_aE5652GLJ _b05 _c20150921 _lUCH01 _h0914 |
||
| 590 |
_aE5652GLJ _b05 _c20150921 _lUCH01 _h1455 |
||
| 590 |
_aE5652GLJ _b05 _c20150922 _lUCH01 _h0919 |
||
| 650 | 1 | 4 |
_aHormigas _xHábitos y conducta. _956233 |
| 650 | 1 | 4 |
_aHormigas _xLarvas _xCría y desarrollo. _9129796 |
| 650 | 1 | 4 |
_aHormigas _xLarvas _xRendimiento. _9129797 |
| 856 |
_aFinding aid _uhttp://10.13.5.2/tesis/sist111811.pdf _zTeclea aquí |
||
| 901 | _aBK | ||
| 942 | _cTESIS | ||
| 942 | _n0 | ||
| 999 |
_c108272 _d108272 |
||